| 000 | 00000nam 2200000zi 4500 |
| 001 | 9.867876 |
| 003 | CaOODSP |
| 005 | 20241203113645 |
| 006 | m o d f |
| 007 | cr nn||||||||| |
| 008 | 190201s1987 oncab ob f000 0 eng d |
| 040 | |aCaOODSP|beng|erda|cCaOODSP |
| 041 | |aeng|bfre |
| 043 | |an-cn-on|an-us-mi |
| 086 | 1 |aEn13-5/87-43E-PDF |
| 100 | 1 |aBukata, R. P., |eauthor. |
| 245 | 10|aParticulate concentrations in Lake St. Clair as recorded by a shipborne multispectral optical monitoring system / |cby R.P. Bukata, J.H. Jerome and J.E. Bruton. |
| 264 | 1|aBurlington, Ontario : |bRivers Research Branch, National Water Research Institute, Canada Centre for Inland Waters, |c[1987] |
| 300 | |a1 online resource (29 pages, 23 unnumbered pages) : |billustrations, map. |
| 336 | |atext|btxt|2rdacontent |
| 337 | |acomputer|bc|2rdamedia |
| 338 | |aonline resource|bcr|2rdacarrier |
| 490 | 1 |aNWRI contribution ; |v87-43 |
| 500 | |a"RRB-87-12." |
| 500 | |aDigitized edition from print [produced by Environment and Climate Change Canada]. |
| 504 | |aIncludes bibliographical references. |
| 520 | 3 |a"Methodology is developed to convert the upwelling multispectral radiance observed by a ship-mounted dual radiometer reflectance system into the subsurface volume reflectance normalized to a standard solar zenith angle and a standard downwelling light field. This normalized multispectral subsurface volume reflectance is then utilized to evaluate the capacity of effectively conducting, from a moving research vessel, a continuous monitor of the total seston and suspended sediment concentrations in the generally turbid, shallow waters of Lake St. Clair. Good agreement is obtained between remotely predicted and directly sampled concentrations of both seston and suspended sediments"--Abstract. |
| 546 | |aIncludes management perspective and abstract in French. |
| 692 | 07|2gccst|aSediments |
| 692 | 07|2gccst|aLakes |
| 700 | 1 |aJerome, John H. |q(John Harvey)|eauthor. |
| 700 | 1 |aBruton, J. E., |eauthor. |
| 710 | 1 |aCanada. |bEnvironment Canada. |
| 710 | 2 |aNational Water Research Institute (Canada). |bRivers Research Branch. |
| 830 | #0|aNWRI contribution ;|v87-43.|w(CaOODSP)9.844121 |
| 856 | 40|qPDF|s3.03 MB|uhttps://publications.gc.ca/collections/collection_2019/eccc/En13-5-87-43-eng.pdf|zReplacement copy 25/02/2019 |